000 00609nam a2200229Ia 4500
003 OSt
005 20220926034940.0
006 a|||||r|||| 00| 0
007 ta
008 220923b |||||||| |||| 00| 0 eng d
037 _cGeneral Book
040 _aRTL
_cRTL
_beng
041 _2eng
_aeng
082 _aX:8, H7
100 _aUrwick L
_9121210
245 0 _aShort survey of industrial management
260 _c1947
490 _aBritish Institute of Management, Occasional Papers, 1
650 _aManagement
_930681
942 _hX:8, H7
_cGB
_2CC
999 _c660851
_d660851